Analýza uplatňovania ekologického manažmentu v slovenskom hotelierstve

Význam ekologického manažmentu v hotelierstve. Základné teoretické východiská skúmania ekologického manažmentu. Výsledky skúmania. Grafické vyjadrenie v podobe sieťového diagramu ukazuje podiel dosiahnutých bodov každého hotela v percentách vo vzťahu k maximálne možným bodom. Stupne splnenia základn...

Descrizione completa

Salvato in:
Dettagli Bibliografici
Autore principale: Günther, Kai
Natura: Capitolo di libro
Lingua:slovacco
Soggetti:
Tags: Aggiungi Tag
Nessun Tag, puoi essere il primo ad aggiungerne!!

MARC

LEADER 00000naa a2200000 4500
001 r046754
005 20230724111332.5
041 0 |a slo 
044 |a SK 
245 1 0 |a Analýza uplatňovania ekologického manažmentu v slovenskom hotelierstve  |c Kai Günther 
520 |a Význam ekologického manažmentu v hotelierstve. Základné teoretické východiská skúmania ekologického manažmentu. Výsledky skúmania. Grafické vyjadrenie v podobe sieťového diagramu ukazuje podiel dosiahnutých bodov každého hotela v percentách vo vzťahu k maximálne možným bodom. Stupne splnenia základných kritérií pre úsek: voda, redukcia odpadu, triedenie odpadu, odpad vo všeobecnosti, energia, ostatné ekologické opatrenia. 
610 2 0 |a hotelierstvo 
610 2 0 |a hotely 
610 2 0 |a manažment 
610 2 0 |a Slovensko 
610 2 0 |a ekológia 
610 2 0 |a voda 
610 2 0 |a odpad 
610 2 0 |a energia 
100 1 |a Günther, Kai